Náuka o spoločnosti pre 1. ročník záverečných tried osobitnej školy časť 2 Z minulosti našej vlasti

Podrobná bibliografia
Hlavný autor: Prášilová, Olga (Autor)
Médium: Kniha
Jazyk:slovenčina
Fyzický popis:90, [2] s. 8°
Vydavateľské údaje: Bratislava Slovenské pedagogické nakladateľstvo 1988
Predmet:

MARC

LEADER 00000nam a2200000 a 4500
001 vtls001316262
003 SK-MaSNL
005 20260302033111.0
008 240315s1988 xo 0 slo
035 |a SNK000268769 
040 |a SNK  |b slo  |c SNK  |e AACR2 
041 0 |a slo 
044 |a xo  |c SK 
080 |a 372.83:376(075.2)  |2 1981 
100 1 |a Prášilová, Olga  |4 aut  |9 61001 
245 1 |a Náuka o spoločnosti pre 1. ročník záverečných tried osobitnej školy  |n časť 2  |p Z minulosti našej vlasti  |c Olga Prášilová ; [prel.] Marta Butvinová 
260 |a Bratislava  |b Slovenské pedagogické nakladateľstvo  |c 1988 
300 |a 90, [2] s.  |c 8° 
650 0 7 |a občianska náuka  |2 SNKPH  |9 207230 
655 7 |a učebnice špeciálnych škôl  |2 SNK  |9 290359 
958 |a OND 
958 |a RK 
999 |c 1060133  |d 1062063 
952 |t P60, <03>, [BOOK], {603}  |a SNK  |b SNK  |y PREZ  |7 0  |p 17A0963438  |o snkSC 72426/2  |i snkD 3139/91  |0 0  |1 0  |4 0  |d 1998-01-14  |l 0  |r 2025-07-25 00:00:00  |w 2026-02-24